000 01073nam a2200325Ia 4500
003 OSt
005 20221007121346.0
006 a|||||r|||| 00| 0
007 ta
008 221006b |||||||| |||| 00| 0 eng d
020 _a9789380853888 (pbk)
024 _a192584
037 _b783, 10/03/2015, Dhanraj Book House
_cTextual
040 _aBDL
_cBDL
_beng
041 _2eng
_aeng
082 _aG11, Q1;Q5 Carb
100 _aPlopper George Ed.
245 0 _aLewin's cells.
_b Sharp David Ed. Sikorski Eric Ed.
250 _a3
260 _aBurlington
_bJones and Bartlett Learning
_c2015
300 _axxiii, 1056p. Col.ill.
_ccm.
500 _aGlossary 997-1026p.; Index 1027-1056p.
650 _a Gene expression
650 _a Intermediate filaments
_9711596
650 _aCytoskeleton
_9710549
700 _a Sharp David Ed.
700 _a Sikorski Eric Ed.
942 _hG11, Q1;Q5 Carb
_cTEXL
_2CC
999 _c1208776
_d1208776